Houses of the Gondolindrim - Statistics

General Stats
  • This quiz has been taken 12 times
  • The average score is 9 of 11
Answer Stats
House Leader Description % Correct
The Fountain Ecthelion "silver and diamonds were their delight; and swords very long and bright and pale did they wield, and they went into battle to the music of flutes."
91%
The Mole Maeglin "sable was their harness, and they bore no sign or emblem, but their round caps of steel were covered with moleskin, and they fought with axes two-headed like mattocks."
91%
The Golden Flower Glorfindel "[They] bare a rayed sun on their shield..."
82%
The Wing Tuor "A press of the stoutest folk. Lo! all these wore wings as it were of swans and gulls upon their helms..."
82%
The Hammer of Wrath Rog "of these came many of the best smiths and and craftsmen... They fought with great maces like hammers, and their shields were heavy, for their arms were very strong.
73%
The Harp Salgant "They were dight with tassels of silver and tassels of gold, and a harp of silver shone in their blazonry in a field of black...""
73%
The Heavenly Arch Egalmoth "a folk of uncounted wealth [they] were arrayed in a glory of colours, and their arms were set with jewels that flamed in the light now over the sky."
73%
The Pillar Penlod "[They] were marshalled by Penlod, tallest of Gnomes."
73%
The Swallow Duilin "[They] bore a fan of feathers on their helms, and they were arrayed in white and dark blue and in purple and black and showed an arrowhead on their shields."
73%
The Tower of Snow Penlod "[They] were marshalled by Penlod, tallest of Gnomes."
73%
The Tree Galdor "they were a great house, and their raiment was green. They fought with iron-studded clubs or with slings..."
73%
No matching quizzes found
Score Distribution
Percent of People with Each Score
Percentile by Number Answered
Your Score History
You have not taken this quiz